Mémorial obstétrical / (Record no. 161249)

MARC details
000 -LEADER
campo de control de longitud fija 00654nam a22001935i 4500
001 - NÚMERO DE CONTROL
campo de control 161249
003 - IDENTIFICADOR DE NÚMERO DE CONTROL
campo de control ES-MaACL
005 - FECHA Y HORA DE LA ÚLTIMA TRANSACCIÓN
campo de control 20250717094526.0
008 - DATOS DE LONGITUD FIJA--INFORMACIÓN GENERAL
campo de control de longitud fija 041015s1887 fr |||| | fre d
040 ## - FUENTE DE CATALOGACIÓN
Centro catalogador/agencia de origen CAM
Lengua de catalogación spa
Centro/agencia transcriptor CAM
100 1# - ENTRADA PRINCIPAL--NOMBRE DE PERSONA
Nombre de persona Pajot, Charles.
9 (RLIN) 130780
245 10 - MENCIÓN DEL TÍTULO
Título Mémorial obstétrical /
Mención de responsabilidad, etc. par Pajot.
260 ## - PUBLICACIÓN, DISTRIBUCIÓN, ETC.
Lugar de publicación, distribución, etc. Paris :
Nombre del editor, distribuidor, etc. G. Steinheil, libraire-éditeur,
Fecha de publicación, distribución, etc. 1887 (
Fabricante Imp. du Fort-Carré)
300 ## - DESCRIPCIÓN FÍSICA
Extensión 29 p. ;
Dimensiones 22 cm.
500 ## - NOTA GENERAL
Nota general Datos tomados de la cub.
650 #7 - PUNTO DE ACCESO ADICIONAL DE MATERIA--TÉRMINO DE MATERIA
Término de materia o nombre geográfico como elemento de entrada Obstetricia
Fuente del encabezamiento o término embne
9 (RLIN) 15676
852 ## - LOCALIZACIÓN
Ubicación ES-MaACL
Número de control de estantería T-1007-F-2
Nota libre -- Enc. hol., conservando la cub. original
-- -- Enc. en un vol. facticio
Holdings
Estatus retirado Estado de pérdida Estado de daño No para préstamo Colección Biblioteca de origen Biblioteca actual Ubicación en estantería Fecha de adquisición Total de préstamos Signatura topográfica completa Código de barras Visto por última vez Precio de reemplazo Tipo de ítem Koha
        Colección de folletos Biblioteca del Ateneo de Madrid Biblioteca del Ateneo de Madrid Depósito folletos 17/01/2008   T-1007-F-2 1168897 23/02/2023 23/02/2023 Folleto